Proceedings of first national conference on condition monitoring and diagnostics : (Record no. 180887)
[ view plain ]
| 000 -LEADER | |
|---|---|
| fixed length control field | 01659 a2200229 4500 |
| 003 - CONTROL NUMBER IDENTIFIER | |
| control field | NUST |
| 005 - DATE AND TIME OF LATEST TRANSACTION | |
| control field | 20221128160435.0 |
| 010 ## - LIBRARY OF CONGRESS CONTROL NUMBER | |
| LC control number | 2010341377 |
| 020 ## - INTERNATIONAL STANDARD BOOK NUMBER | |
| International Standard Book Number | 9698122133 |
| 040 ## - CATALOGING SOURCE | |
| Transcribing agency | Nust |
| 082 ## - DEWEY DECIMAL CLASSIFICATION NUMBER | |
| Classification number | 530.842,PRO |
| 245 10 - TITLE STATEMENT | |
| Title | Proceedings of first national conference on condition monitoring and diagnostics : |
| Remainder of title | 21-23 April, 2001, Pakistan Academy of Sciences, Islamabad / |
| Statement of responsibility, etc. | editors, M. Khalid Khan Ghauri, Ovais Mahfooz ; organized by Dr. A.Q. Khan Research Laboratories. |
| 246 18 - VARYING FORM OF TITLE | |
| Title proper/short title | CMD 2001 |
| 246 18 - VARYING FORM OF TITLE | |
| Title proper/short title | Condition monitoring and diagnostics |
| 260 ## - PUBLICATION, DISTRIBUTION, ETC. | |
| Place of publication, distribution, etc. | Rawalpindi, Pakistan : |
| Name of publisher, distributor, etc. | Dr. A.Q. Khan Research Laboratories, |
| Date of publication, distribution, etc. | 2001. |
| 300 ## - PHYSICAL DESCRIPTION | |
| Extent | 433 p. : |
| Other physical details | ill. ; |
| Dimensions | 24 cm. |
| 505 ## - FORMATTED CONTENTS NOTE | |
| Formatted contents note | Machine Diagnostics And Its Scope In Pakistan (Page-1), Experience Of Vibrations (Page-23), Case History (Page-45), Persistent High Vibration (Page-55), Road Traffic Noise Resulting Environmental Problems In Hyderabad (Page-65), Fluid Instability (Page-73), Fault Diagnostics (Page-87), Database Architecture For A Computer Network (Page-121), Remote Condition Monitoring Using GSM –SMS (Page-171), Maintenance Management (Page-243), Reliability In Engineering Systems (Page-271), Low Budget Generic Automated Testing Environment (Page-335), Non-Parity Space Approach For Video Motion Detection (Page-351), Cost-Effective Embedded Distributed Control And Data Acquisition (Page-363), Sensor Mounting Techniques And Signal Analysis (Page-371), Review Of Fault Isolation Techniques (Page-403). |
| 700 1# - ADDED ENTRY--PERSONAL NAME | |
| Personal name | Ghauri, M. Khalid Khan. |
| 9 (RLIN) | 103721 |
| 700 1# - ADDED ENTRY--PERSONAL NAME | |
| Personal name | Mahfooz, Ovais. |
| 9 (RLIN) | 103722 |
| 710 2# - ADDED ENTRY--CORPORATE NAME | |
| Corporate name or jurisdiction name as entry element | Kahuta Research Laboratories. |
| 9 (RLIN) | 5734 |
| 942 ## - ADDED ENTRY ELEMENTS (KOHA) | |
| Source of classification or shelving scheme | |
| Koha item type | Book |
| Call number prefix | 530.842,PRO |
| Withdrawn status | Lost status | Source of classification or shelving scheme | Damaged status | Not for loan | Permanent Location | Current Location | Shelving location | Date acquired | Full call number | Barcode | Date last seen | Price effective from | Koha item type | Public note |
|---|---|---|---|---|---|---|---|---|---|---|---|---|---|---|
| Military College of Signals (MCS) | Military College of Signals (MCS) | General Stacks | 12/12/2016 | 530.8,PRO | MCS28933 | 12/08/2016 | 12/12/2016 | Book | Almirah No.16, Shelf No.2 |
